ХХ зууны эхэн үеийн монголын чөлөөт хэвлэл (Бичлэгийн дугаар. 740578)

MARC дэлгэрэнгүй
000 -Удирдлага
Ном зүйн бүртгэл тоо буюу кодлох утгыг агуулсан 00925nam a22002297a 4500
008 - ЕРӨНХИЙ МЭДЭЭЛЭЛ-ЭЛЕМЕНТҮҮДИЙН ӨГӨГДЛИЙН УРТ
fixed length control field 240604b mp ||||| |||| 00| 0 mon d
035 ## - СИСТЕМИЙН ХЯНАЛТЫН ДУГААР
Системийн хяналтын дугаар 4178
040 ## - ЭХ СУРВАЛЖИЙГ ТОДОРХОЙЛОН БИЧИХ
Анхны каталогийн байгууллага DA0445040
Каталогийн хэл Монгол
Бичлэг хийж нэвтрүүлэх байгууллага MN-UlNLM
Өөрчлүүлэх байгууллага MN-UlNLM
Бичиглэлийн тодорхойлолт rda
041 ## - ХЭЛНИЙ КОД
Текстийн хэлний код/фонограм буюу салангид гарчиг Монгол
042 ## - AUTHENTICATION CODE
Authentication code 13218
082 ## - ДЬЮИ АРАВТЫН АНГИЛЛЫН ДУГААР
Дьюигийн аравтын ангилал 21
Classification number 070.4
Item number Б.109
100 ## - ЗОХИОГЧИЙН ХЭСЭГ
Зохиогчийн нэр Баасансүрэн Т.
245 #0 - ҮНДСЭН ГАРЧИГ
Гарчиг ХХ зууны эхэн үеийн монголын чөлөөт хэвлэл
264 ## - ГАРАЛТЫН МЭДЭЭ
Хэвлэгдсэн газар Улаанбаатар
Бүтээгч, хэвлэгч, түгээгч, үйлдвэрлэгчийн нэр МОНЦАМЭ агентлагийн ХҮ
Хэвлэгдсэн он 2009
300 ## - ТООНЫ МЭДЭЭ
Хуудасны тоо 302 х.
336 ## - АГУУЛГЫН ТӨРӨЛ
Нөөц rdacontent
Агуулгын төрлийн нөхцөл text
Агуулгын төрлийн код txt
337 ## - MEDIA TYPE
Эх сурвалж rdamedia
Файлын төрөл unmediated
Файлын код n
338 ## - CARRIER TYPE
Source rdacarrier
Carrier type term volume
Carrier type code nc
490 ## - БОТИЙН/ЦУВРАЛЫН ТУХАЙ МЭДЭЭ
Ботийн/Цувралын дугаар 1
650 ## - Сэдэв
Сэдэв Сэтгүүл зүй түүх, сэтгүүл, Бичлэг Гарчиг: Анхдугаар хэвлэлийн оршил, Хоёр дахь хэвлэлийн оршил, "Хураангуй сэтгүүл" сонины ний...
942 ## - ЭЛЕМЕНТИЙН ТӨРӨЛ
Анги Аравтын ангилал
Төрөл Ном
Захиалгууд
Буцаан татагдсан төлөв Хасагдсан шалтгаан Гэмтсэн төлөв Данс заагч Захиалах боломжгүй Үндсэн номын сан Одоогийн байршил Салбар танхим Салбар танхим Бүртгэсэн огноо Тавиурын заалт Баркод Үнэ Хамгийн сүүлд байсан огноо Нийт уншлаганд гарсан тоо Дансны дугаар Төрөл
      Монгол номын данс   Дархан-Уул Дархан-Уул Дархан | Үндсэн фонд Дархан | Үндсэн фонд 2024-06-05 070.4 / Б.109 DA0444178-3-1 5000.00 2024-06-05   32828 Ном